Bhagavad gita: con los comentarios advaita de Sánkara

Guardat en:
Dades bibliogràfiques
Autor principal: Martín, Consuelo (autora)
Format: Llibre
Idioma:espanyol
Publicat: Madrid Trotta 1997
Col·lecció:Colección Paradigmas, 17
Matèries:
Etiquetes: Afegir etiqueta
Sense etiquetes, Sigues el primer a etiquetar aquest registre!

MARC

LEADER 00000nam a2200000 a 4500
001 UCP3851
003 CL-VaPUC
008 990709e19970000SP |||||||||||||||||spa|d
082 0 4 |a 181.4  |b MAR  |2 21 
100 |a Martín, Consuelo  |e autora  |9 472059 
245 1 0 |a Bhagavad gita: con los comentarios advaita de Sánkara 
300 |a 333 p 
942 |c BK 
945 |d 19990709 00:00:00  |a rbrito 
260 |a Madrid  |b Trotta  |c 1997 
650 0 |a Filosofía hindú  |9 431231 
650 0 |a Filosofía de la religión   |9 256017 
650 0 |a Filosofía oriental  |9 319113 
650 0 |a Metafísica  |9 265649 
583 |a last modification  |c 20121007 10:22:29  |k Rodrigo Vera 
490 0 |a Colección Paradigmas, 17 
999 |c 282004  |d 282002 
952 |0 0  |1 2  |4 0  |6 181_400000000000000_MAR_1997  |7 0  |8 A  |9 323196  |a BIBTEO  |b BIBTEO  |d 2019-11-20  |i 3519759  |o 181.4 MAR 1997  |p 3519759  |r 2019-11-20  |w 2019-11-20  |y BK  |k ICR 
952 |0 0  |1 2  |4 0  |6 181_400000000000000_MAR_1997  |7 0  |8 A  |9 323197  |a BIBTEO  |b BIBTEO  |d 2019-11-20  |i 3715809  |o 181.4 MAR 1997  |p 3715809  |r 2019-11-20  |w 2019-11-20  |y BK  |k ICR